Java 2: interfaces gráficas y aplicaciones para internet (Registro nro. 1929)
[ vista simple ]
| 000 -CABECERA | |
|---|---|
| campo de control de longitud fija | 01308aam a2200433 4500 |
| 005 - FECHA Y HORA DE ACTUALIZACIÓN | |
| campo de control | 20230622152405.0 |
| 008 - LONGITUD FIJA | |
| campo de control de longitud fija | 150720b2005 xxu||||| |||| 00| 0 spa d |
| 041 ## - IDIOMA | |
| Código de idioma del texto/pista de sonido o título separado | Español |
| 082 ## - CLASIFICACIÓN DECIMAL DEWEY | |
| Número de clasificación | 005.13 C387j |
| 100 ## - AUTOR PERSONAL | |
| Nombre de persona | Ceballos Sierra, Francisco Javier |
| 245 ## - TÍTULO PROPIAMENTE DICHO | |
| Título | Java 2: interfaces gráficas y aplicaciones para internet |
| 260 ## - PIE DE IMPRENTA | |
| Lugar de publicación, distribución, etc. | México |
| Nombre del editor, distribuidor, etc. | Alfaomega |
| Fecha de publicación, distribución, etc. | 2005 |
| 300 ## - DESCRIPCIÓN FÍSICA | |
| Extensión | 567 páginas |
| 505 ## - Nota de Contenido | |
| Nota de contenido | Contiene disco compacto N° 335 |
| 505 ## - Nota de Contenido | |
| Nota de contenido | El disco compacto contiene ejemplos realizados en el libro y su respectivo software. |
| 650 ## - Materia General | |
| Materia general | JAVA 2 |
| 650 ## - Materia General | |
| Materia general | LENGUAJES DE PROGRAMACIÓN |
| 650 ## - Materia General | |
| Materia general | INTERFACES GRÁFICAS |
| 650 ## - Materia General | |
| Materia general | INTERNET |
| 650 ## - Materia General | |
| Materia general | BASES DE DATOS |
| 650 ## - Materia General | |
| Materia general | JFC |
| 650 ## - Materia General | |
| Materia general | SWING |
| 650 ## - Materia General | |
| Materia general | GRÁFICOS |
| 650 ## - Materia General | |
| Materia general | HERRAMIENTAS |
| 650 ## - Materia General | |
| Materia general | TABLAS |
| 650 ## - Materia General | |
| Materia general | ÁRBOLES |
| 650 ## - Materia General | |
| Materia general | HTML |
| 650 ## - Materia General | |
| Materia general | APPLETS |
| 650 ## - Materia General | |
| Materia general | SERVLETS |
| 650 ## - Materia General | |
| Materia general | XML |
| 650 ## - Materia General | |
| Materia general | PÁGINAS WEB |
| 650 ## - Materia General | |
| Materia general | JSP |
| 650 ## - Materia General | |
| Materia general | INSTALACIÓN DE SOFTWARE |
| 650 ## - Materia General | |
| Materia general | FICHEROS |
| 650 ## - Materia General | |
| Materia general | CLIENTES WEB |
| 650 ## - Materia General | |
| Materia general | DISEÑO DE PÁGINAS WEB |
| 650 ## - Materia General | |
| Materia general | SQL |
| 942 ## - Punto de Acceso Adicional Koha | |
| Tipo de ítem Koha | Libro |
| Estado perdido | Estado dañado | No para préstamo | Biblioteca permanente | Biblioteca actual | Signatura completa | Código de barras | Precio efectivo a partir del | Tipo de ítem | Estado retirado | Fuente de clasificación o esquema de estantería |
|---|---|---|---|---|---|---|---|---|---|---|
| Departamento de Biblioteca y Documentación Alfonso Chase Brenes | Departamento de Biblioteca y Documentación Alfonso Chase Brenes | 005.13 C387j | 11266 | 23/08/2016 | Libro | |||||
| Departamento de Biblioteca y Documentación Alfonso Chase Brenes | Departamento de Biblioteca y Documentación Alfonso Chase Brenes | 005.13 C387j | 8900 | 23/08/2016 | Libro | |||||
| Dañado | Departamento de Biblioteca y Documentación Alfonso Chase Brenes | Departamento de Biblioteca y Documentación Alfonso Chase Brenes | 005.13 C387j | 335DC | 10/10/2019 | Disco Compacto | Retirado | Dewey Decimal Classification |